000 00315nam a22001337a 4500
008 181012b xxu||||| |||| 00| 0 eng d
020 _a9780895261861
041 _aeng
080 _a610
100 _a4
101 _aSHM
245 _aThe Cornell Illustrated Encyclopedia of Health
_cGotto,A.M
942 _2udc
_cBK
999 _c49498
_d49498